Largest Cities in Canada: Sudden Death - Statistics

General Stats
  • This quiz has been taken 434 times
  • The average score is 8 of 13
Answers on the Grid
Answers color-coded by a green-red scale on the quiz's grid according to % correct below.
Yellowknife
Ottawa
Toronto
Nova Scotia
Sault Ste. Marie
Calgary
Ontario
Brampton
Mankato
Fargo
Charlottetown
Halifax
Montreal
Edmonton
Bangor
Winnipeg
Iqaluit
Mississauga
Fredericton
Vancouver
Thunder Bay
Red Deer
Hamilton
Detroit
Quebec City
Surrey
Trois-Rivières
Marquette
 
Answer Stats
Answer % Correct
Toronto
92%
Ottawa
85%
Montreal
77%
Calgary
71%
Quebec City
68%
Vancouver
67%
Edmonton
62%
Winnipeg
62%
Halifax
48%
Hamilton
44%
Mississauga
37%
Brampton
31%
Surrey
24%
No matching quizzes found
Score Distribution
Percent of People with Each Score
Percentile by Number Answered
Your Score History
You have not taken this quiz